00379nam a2200157Ia 4500001000500000005001700005008004100022041000800063082001500071100002400086245006400110260000900174300002200183650000800205654000800213482520260306145823.0260306t2016||||xx |||||||||||||| ||spa|| aESP a330.9bH38 aHemel, Ulrich,eAUT 0aEconomía para el ser humano :bsentido y alma del capital c2016 a288 páginas :c aGEN aCAN